| 000 -LEADER | |
|---|---|
| fixed length control field | 00415nam a22001697a 4500 |
| 005 - DATE AND TIME OF LATEST TRANSACTION | |
| control field | 20180226164751.0 |
| 008 - FIXED-LENGTH DATA ELEMENTS--GENERAL INFORMATION | |
| fixed length control field | 160521b xxu||||| |||| 00| 0 eng d |
| 020 ## - INTERNATIONAL STANDARD BOOK NUMBER | |
| ISBN | 817188406-7 |
| 041 ## - LANGUAGE CODE | |
| Language code of text/sound track or separate title | eng |
| 082 ## - DEWEY DECIMAL CLASSIFICATION NUMBER | |
| Item number | 4025 |
| Classification number | 330.954 |
| 100 ## - MAIN ENTRY--AUTHOR NAME | |
| Personal name | UMA KAPILA |
| 245 ## - TITLE STATEMENT | |
| Title | Indian Economy Since Independence |
| 260 ## - PUBLICATION, DISTRIBUTION, ETC. (IMPRINT) | |
| Place of publication | New Delhi |
| Name of publisher | Academic Faundation |
| 300 ## - PHYSICAL DESCRIPTION | |
| Number of Pages | 1036 |
| 650 ## - SUBJECT ADDED ENTRY--TOPICAL TERM | |
| Topical Term | Management |
| 942 ## - ADDED ENTRY ELEMENTS (KOHA) | |
| Koha item type | Books |
| Lost status | Damaged status | Home library | Current library | Shelving location | Date acquired | Cost, normal purchase price | Full call number | Accession Number | Koha item type | Collection code |
|---|---|---|---|---|---|---|---|---|---|---|
| JRU Library | SHELF- 69 F | 21/05/2016 | 350.00 | 330.954 | 4025 | Books | ||||
| JRU Library | SHELF- 69 F | 21/05/2016 | 350.00 | 330.954 | 4026 | Books | ||||
| JRU Library | SHELF 9 - C | 21/05/2016 | 350.00 | 330.954 | 4027 | Books | ||||
| JRU Library | SHELF-28-B | 21/05/2016 | 350.00 | 330.954 | 4028 | Books | Reference |